000 00451nam a2200181Ia 4500
001 22756
005 20260414150852.0
008 260414t2009||||xx |||||||||||||| ||spa||
041 _aESP
082 _a621.47
_bF42T
100 _aFernández Salgado, José Mª
_eAUT
245 0 _aTecnologías de las energías renovables
_b
260 _c2009
300 _a390 páginas :
_c23 cm.
650 _aTCA
654 _aCET
942 _cLIB
_dJUS
_fJUS
_2ddc
_n
999 _c22756
_d22756